000 00850nam a2200217Ii 4500
003 JO-AjNU
008 230605s9999||||xx |||||||||||||| ||und||
017 _a1994/5/455
040 _aJO-AjNU
_bara
_erda
_cJO-AjNU
041 _aara
050 1 4 _aHD6971.Z8488.1994
100 3 _aزويلف،مهدي حسن/م.مشارك: سليمان اللوزي، عادل الكركي,
_eauthor
_932163
245 0 0 _aادارة العلاقات الصناعية
250 _aط1مزيدة ومنقحة
264 3 1 _aعمان:دار حنين للنشر والتوزيع،مكتبة الفلاح،1994
300 _a151ص
_bببليوجرافية : ص. 147-151.
336 _atext
_btxt
_2rdacontent
337 _aunmediated
_bn
_2rdamedia
338 _avolume
_bnc
_2rdacarrier
650 4 _aادارة الاعمال-العلاقات الصناعية
_932164
999 _aA12952
_c16520
_d16520